|
|
|
|
| LEADER |
00000cam a22000004a 4500 |
| 001 |
musev2_5897 |
| 003 |
MdBmJHUP |
| 005 |
20230905040710.0 |
| 006 |
m o d |
| 007 |
cr||||||||nn|n |
| 008 |
960115s1995 nyu o 00 0 eng d |
| 010 |
|
|
|z 96130114
|
| 020 |
|
|
|a 9781576592519
|
| 020 |
|
|
|z 1576590054
|
| 020 |
|
|
|z 9781576590058
|
| 020 |
|
|
|z 1576592510
|
| 035 |
|
|
|a (OCoLC)794700854
|
| 040 |
|
|
|a MdBmJHUP
|c MdBmJHUP
|
| 041 |
1 |
|
|a eng
|h lat
|
| 050 |
0 |
4 |
|a BV4655
|b .B6413 1995
|
| 082 |
0 |
|
|a 241.5/2
|2 20
|
| 100 |
0 |
|
|a Bonaventure,
|c Saint, Cardinal,
|d ca. 1217-1274.
|
| 240 |
1 |
0 |
|a Collationes de Decem Praeceptis.
|l English
|
| 245 |
1 |
0 |
|a Collations on the Ten Commandments /
|c introduction and translation by Paul J. Spaeth.
|
| 264 |
|
1 |
|a St. Bonaventure, N.Y. :
|b The Franciscan Institute, St. Bonaventure University,
|c 1995.
|
| 264 |
|
3 |
|a Baltimore, Md. :
|b Project MUSE,
|c 2012
|
| 264 |
|
4 |
|c ©1995.
|
| 300 |
|
|
|a 1 online resource (101 pages).
|
| 336 |
|
|
|a text
|b txt
|2 rdacontent
|
| 337 |
|
|
|a computer
|b c
|2 rdamedia
|
| 338 |
|
|
|a online resource
|b cr
|2 rdacarrier
|
| 490 |
0 |
|
|a Works of Saint Bonaventure ;
|v 6
|
| 500 |
|
|
|a Based on the editor's thesis (M.A.)--Franciscan Institute, St. Bonaventure University, 1987.
|
| 504 |
|
|
|a Includes bibliographical references.
|
| 588 |
|
|
|a Description based on print version record.
|
| 630 |
0 |
0 |
|a Ten commandments
|x Early works to 1800.
|
| 600 |
0 |
0 |
|a Bonaventure,
|c Saint, Cardinal,
|d ca. 1217-1274.
|
| 655 |
|
7 |
|a Electronic books.
|2 local
|
| 700 |
1 |
|
|a Spaeth, Paul J.,
|d 1952-
|
| 710 |
2 |
|
|a Project Muse.
|e distributor
|
| 830 |
|
0 |
|a Book collections on Project MUSE.
|
| 856 |
4 |
0 |
|z Texto completo
|u https://projectmuse.uam.elogim.com/book/5897/
|
| 945 |
|
|
|a Project MUSE - Custom Collection
|
| 945 |
|
|
|a Project MUSE - Archive Complete Foundation
|
| 945 |
|
|
|a Project MUSE - Archive Philosophy and Religion Foundation
|